000 00348nam a2200145Ia 4500
008 230312s9999||||xx |||||||||||||| ||und||
082 _a657
_bGHA-A
100 _aGhani,M.A
245 0 _aPrinciples Of Accounting
260 _bPak Imperial Books
_aPK
_c2009
300 _a740
546 _aEng.
650 _aAccounting
_vJournal,Ledger
942 _cBK
999 _c1118
_d1118